| 000 | 00733nam a2200181Ia 4500 | ||
|---|---|---|---|
| 008 | 151018s9999 xx 000 0 und d | ||
| 082 |
_bRBASDV37342 _a891.463 |
||
| 100 | _aउषादेवी विजय कोल्हाटकर | ||
| 245 | _aस्पन्दनांची किमया | ||
| 250 | _b1 | ||
| 260 |
_bकॉन्टिनेन्टल प्रका. पुणे _c1997 |
||
| 300 | _a120 | ||
| 600 | _aउषादेवी विजय कोल्हाटकर | ||
| 630 | _aस्पन्दनांची किमया | ||
| 700 | _aउषादेवी विजय कोल्हाटकर | ||
| 730 | _aस्पन्दनांची किमया | ||
| 942 | _cBOOK | ||
| 999 |
_c1036772 _d1036769 |
||